Zdroje financovania malých a stredných podnikov

Informácie o možnostiach získania finančných prostriedkov na podnikateľskú činnosť, ktoré odzneli na programe konferencie "Zdroje financovania malých a stredných podnikov". Konferencia sa konala dňa 19.9.1996 v Banskej Bystrici v rámci Finexu '96 pod záštitou Národnej agentúry pre rozvoj malého a st...

Description complète

Enregistré dans:
Détails bibliographiques
Auteur principal: Kobidová, V.
Format: Chapitre de livre
Langue:slovaque
Sujets:
Tags: Ajouter un tag
Pas de tags, Soyez le premier à ajouter un tag!

MARC

LEADER 00000naa a2200000 4500
001 r025229
005 20230809081740.4
041 0 |a slo 
044 |a SK 
245 1 0 |a Zdroje financovania malých a stredných podnikov  |c V. Kobidová 
520 |a Informácie o možnostiach získania finančných prostriedkov na podnikateľskú činnosť, ktoré odzneli na programe konferencie "Zdroje financovania malých a stredných podnikov". Konferencia sa konala dňa 19.9.1996 v Banskej Bystrici v rámci Finexu '96 pod záštitou Národnej agentúry pre rozvoj malého a stredného podnikania a Slovenskej obchodnej a priemyselnej komory. 
610 2 0 |a konferencie 
610 2 0 |a Banská Bystrica 
610 2 0 |a 1996 
610 2 0 |a Finex '96 
610 2 0 |a podpora podnikania 
610 2 0 |a prostriedky peňažné 
610 2 0 |a zdroje finančné 
610 2 0 |a podnik malý 
610 2 0 |a podnik stredný 
610 2 0 |a podnikanie 
610 2 0 |a financovanie podnikov 
100 1 |a Kobidová, V.